| 000 | 00670cam a2200217 4500 | ||
|---|---|---|---|
| 001 | 4056263 | ||
| 005 | 20180115074205.0 | ||
| 008 | 700729s1956 nyu b 001 0 eng | ||
| 010 | _a 56008813 | ||
| 040 |
_aDLC _cDLC _dDLC |
||
| 041 | 1 | _aengfre | |
| 080 | _a189.4 GIL | ||
| 082 | 0 | 0 | _a189.4 GIL |
| 100 | 1 | _a24 | |
| 101 | _aFIL | ||
| 240 | 1 | 0 |
_aThomisme. _lEnglish |
| 245 | 1 | 4 |
_aThe Christian philosophy of St. Thomas Aquinas. _cby I.T. Eschmann. Translated by L.K. Shook. |
| 504 | _aBibliographical references included in "Notes" (p. 440-493) | ||
| 906 |
_a7 _bcbc _corignew _du _encip _f19 _gy-gencatlg |
||
| 942 |
_2ddc _cBK |
||
| 999 |
_c40283 _d40283 |
||